Grandes villes françaises par vues aériennes n°1 - Statistiques

Statistiques générales
  • Ce quiz a été pris 103 fois
  • Le résultat moyen est 4 sur 10
Statistiques - réponses
Par images Réponse % Correct
Bordeaux
77%
Le Havre
67%
Tours
47%
Cannes
40%
Ajaccio
31%
Amiens
28%
Brest
25%
Metz
23%
Nancy
12%
Nouméa
10%
Aucun quiz correspondant
Distribution des résultats
% des personnes avec chaque résultat
Percentile par nombre de réponses
Votre historique - résultats
Vous n’avez pas pris ce quiz